Szczegóły MARC21

Działania Unii Europejskiej na rzecz kultury i turystyki kulturowej /

003 -Nazwa inst., której nr kontr. jest w polu 001 [,]
    • @
    • Nazwa instytucji, której n kontrolny jest w polu 001
    • NUKAT
005 -DATA I CZAS OSTATNIEJ MODYFIKACJI [,]
    • @
    • pole kontrolne
    • 20260101162106.0
020 -Międzynarod. znormalizowany nr książki - ISBN [ , ]
    • a
    • Numer ISBN
    • 9788372517050 Find
040 -Instytucja sporządzająca opis [ , ]
    • a
    • Instytucja, która sporządziła opis (NP)
    • WR U/jd
    • b
    • Język katalogowania
    • pol
    • e
    • Zasady katalogowania
    • rda
    • c
    • Instytucja, która sporządziła rekord (NP)
    • WR U/jd
    • d
    • Instytucja, która zmodyfikowała rekord (P)
    • WR U/dl
    • d
    • Instytucja, która zmodyfikowała rekord (P)
    • WR O/KSs
    • d
    • Instytucja, która zmodyfikowała rekord (P)
    • WA 566/PRs
942 -Rodzaj dokumentu [ , ]
    • c
    • Rodzaj dokumentu
    • Książka
100 -Hasło główne - nazwa osobowa [1, ]
    • a
    • Nazwa osobowa (NP)
    • Bąk, Stanisław Andrzej.
    • e
    • Rodzaj współpracy
    • Autor
    • 9
    • KHW
    • 77166
245 -Strefa tytułu i oznaczenia odpowiedzialności [1,0]
    • a
    • Tytuł
    • Działania Unii Europejskiej na rzecz kultury i turystyki kulturowej / Find
    • c
    • Pozostałe elementy strefy tytułu i oznaczenia odpowiedzialności (NP)
    • Stanisław Andrzej Bąk.
260 -Strefa adresu wydawniczego [ , ]
    • a
    • Miejsce wydania (P)
    • Warszawa :
    • b
    • Nazwa wydawcy (P)
    • Difin,
    • c
    • Data wydania (P)
    • 2007.
300 -Strefa opisu fizycznego [ , ]
    • a
    • Określenie formy książki i/lub objętość (NP)
    • 199 stron ;
    • c
    • Format (NP)
    • 23 cm.
336 -Typ zawartości [ , ]
    • a
    • Termin opisujący typ zawartości
    • Tekst
    • b
    • Kod określający zawartość
    • txt
    • 2
    • Źródło (terminu i kodu)
    • rdacontent
337 -Typ mediów [ , ]
    • a
    • Tryb odtwarzania
    • Bez urządzenia pośredniczącego
    • b
    • Kod typu mediów
    • n
    • 2
    • Źródło (terminu i kodu)
    • rdamedia
338 -Typ/rodzaj nośnika [ , ]
    • a
    • Hasło opisujące typ nośnika
    • Wolumin
    • b
    • Kod typu nośnika
    • nc
    • 2
    • Źródło (terminu i kodu)
    • rdacarrier
380 -Deskryptor - Forma dzieła (P) [ , ]
    • a
    • forma dzieła (NP)
    • Książki
380 -Deskryptor - Forma dzieła (P) [ , ]
    • a
    • forma dzieła (NP)
    • Publikacje naukowe
388 -Deskryptor - czas powstania dzieła (P) [1, ]
    • a
    • Czas powstania dzieła (NP)
    • 2001-
504 -Uwaga dot. bibliogr. załącznikowej [ , ]
    • a
    • Uwaga dot. bibliografii załącznikowej
    • Bibliografia na stronach 194-199.
080 -Uniwersalna Klasyfikacja Dziesiętna [ , ]
    • 2
    • Identyfikator wydania tablic
    • UDC-P022
    • a
    • Symbol klasyfikacji
    • 379.85
    • b
    • Dopowiedzenie
    • Turystyka. Podróże dla przyjemności.
    • x
    • Poddział wspólny
    • (4-67)
    • b
    • Dopowiedzenie
    • (Unia Europejska).
080 -Uniwersalna Klasyfikacja Dziesiętna [ , ]
    • 2
    • Identyfikator wydania tablic
    • UDC-P022
    • a
    • Symbol klasyfikacji
    • 338.48
    • b
    • Dopowiedzenie
    • Gospodarcze aspekty turystyki. Ekonomika turystyki.
    • x
    • Poddział wspólny
    • (4-67)
    • b
    • Dopowiedzenie
    • (Unia Europejska).
080 -Uniwersalna Klasyfikacja Dziesiętna [ , ]
    • 2
    • Identyfikator wydania tablic
    • UDC-P022
    • a
    • Symbol klasyfikacji
    • 008
    • b
    • Dopowiedzenie
    • Cywilizacja. Kultura. Postęp.
    • x
    • Poddział wspólny
    • (4-67)
    • b
    • Dopowiedzenie
    • (Unia Europejska).
080 -Uniwersalna Klasyfikacja Dziesiętna [ , ]
    • 2
    • Identyfikator wydania tablic
    • UDC-P022
    • a
    • Symbol klasyfikacji
    • 339.7
    • b
    • Dopowiedzenie
    • Finanse międzynarodowe.
    • x
    • Poddział wspólny
    • (4-67)
    • b
    • Dopowiedzenie
    • (Unia Europejska).
610 -Hasło przedmiotowe w formie nazwy ciała zbiorowego [2,7]
    • a
    • Nazwa ciała zbiorowego lub nazwa geograficzna
    • Unia Europejska (UE)
    • 2
    • Źródło terminu
    • DBN
    • 9
    • KHW
    • 723934
610 -Hasło przedmiotowe w formie nazwy ciała zbiorowego [2,7]
    • a
    • Nazwa ciała zbiorowego lub nazwa geograficzna
    • Unia Europejska
    • x
    • Określnik ogólny
    • i kultura.
    • 2
    • Źródło terminu
    • kaba
    • 9
    • KHW
    • 438231
610 -Hasło przedmiotowe w formie nazwy ciała zbiorowego [2,7]
    • a
    • Nazwa ciała zbiorowego lub nazwa geograficzna
    • Unia Europejska
    • x
    • Określnik ogólny
    • działalność kulturalna.
    • 2
    • Źródło terminu
    • kaba
    • 9
    • KHW
    • 450677
650 -Hasło przedmiotowe [ ,7]
    • a
    • Hasło przedmiotowe
    • Integracja europejska
    • 2
    • Źródło terminu
    • DBN
    • 9
    • KHW
    • 721520
650 -Hasło przedmiotowe [ ,7]
    • a
    • Hasło przedmiotowe
    • Kultura
    • 2
    • Źródło terminu
    • DBN
    • 9
    • KHW
    • 721515
650 -Hasło przedmiotowe [ ,7]
    • a
    • Hasło przedmiotowe
    • Turystyka kulturowa
    • 2
    • Źródło terminu
    • DBN
    • 9
    • KHW
    • 744704
650 -Hasło przedmiotowe [ ,7]
    • a
    • Hasło przedmiotowe
    • Polityka kulturalna
    • z
    • Określnik geograficzny
    • Kraje Unii Europejskiej.
    • 2
    • Źródło terminu
    • kaba
    • 9
    • KHW
    • 450678
650 -Hasło przedmiotowe [ ,7]
    • a
    • Hasło przedmiotowe
    • Kultura
    • x
    • Określnik rzeczowy
    • prawo europejskie.
    • 2
    • Źródło terminu
    • kaba
    • 9
    • KHW
    • 116395
650 -Hasło przedmiotowe [ ,7]
    • a
    • Hasło przedmiotowe
    • Turystyka
    • x
    • Określnik rzeczowy
    • prawo europejskie.
    • 2
    • Źródło terminu
    • kaba
    • 9
    • KHW
    • 160161
651 -Hasło przedmiotowe w formie nazwy geograficznej [ ,7]
    • a
    • Nazwa geograficzna
    • Kraje Unii Europejskiej
    • 2
    • Źródło terminu
    • DBN
    • 9
    • KHW
    • 720927
655 -Hasło w funkcji tematu formalnego [ ,7]
    • a
    • Hasło
    • Monografia
    • 2
    • Źródło terminu
    • DBN
    • 9
    • KHW
    • 721273
658 -Ujęcie treści [ , ]
    • a
    • dziedzina nauki i sztuki/ sfera aktywności życiowej
    • Polityka, politologia, administracja publiczna
658 -Ujęcie treści [ , ]
    • a
    • dziedzina nauki i sztuki/ sfera aktywności życiowej
    • Prawo i wymiar sprawiedliwości
980 -Symbol UKD [ , ]
    • a
    • UKD
    • 379.85:338.48:008:339.7](4-67)
710 -Hasło dodatkowe - nazwa ciała zbiorowego [2, ]
    • a
    • Nazwa ciała zbiorowego lub nazwa geograficzna jako pierwszy element (NP)
    • Difin.
    • e
    • Rodzaj współpracy
    • Wydawca
    • 4
    • Kod relacji
    • pbl
    • 9
    • KHW
    • 52248
920 -ISBN [ , ]
    • a
    • ISBN
    • 978-83-7251-705-0 Find
Sygnatura Numer inwentarzowy Status udost. Lokalizacja Data inwentaryzacji
 CDE.16961BG2007-04-02
T.10806T.10806-2T2010-01-15
TM.14014TM.14014-2T2018-05-09